000 00574nam a2200205Ia 4500
005 20250114120434.0
008 131103s9999 xx 000 0 und d
040 _aLoreto College
041 _aEnglish
082 _a900
_bDAV
100 _aDavison, Dorothy
245 _aMen of the dawn
_b the story of mans evolution to the end of the old stone age
_cDorothy Davison
260 _aLondon
_bWatts
_c1934
300 _a195p.
_b ill., maps
440 _aThe thinker's library; No.45
504 _aIncludes index
650 _aHistory
850 _aLCBED
942 _cBK
999 _c28900
_d79379